Grey water treatment by constructed wetland (Record no. 15090)
[ view plain ]
| 000 -LEADER | |
|---|---|
| fixed length control field | 00814nam a22001817a 4500 |
| 003 - CONTROL NUMBER IDENTIFIER | |
| control field | OSt |
| 088 ## - REPORT NUMBER | |
| Report number | T 178 |
| 100 ## - MAIN ENTRY--AUTHOR NAME | |
| Personal name | ABHIJEET HINDURAO SURVE |
| 245 ## - TITLE STATEMENT | |
| Title | Grey water treatment by constructed wetland |
| 260 ## - PUBLICATION, DISTRIBUTION, ETC. (IMPRINT) | |
| Place of publication | Tavanur 2007 |
| Name of publisher | Department of Land and Water Resources and Conservation Engineering |
| 300 ## - PHYSICAL DESCRIPTION | |
| Number of Pages | 122 |
| 500 ## - GENERAL NOTE | |
| General note | Grey water treatment by constructed wetland |
| 520 ## - SUMMARY, ETC. | |
| Summary, etc | Grey water treatment by constructed wetland. pollution of water bodies can result in the death of aquatic animals, enhanced growth of aquatic plants which causes meandering of flow and floods. waste water mosquito dengue chikkenguniya .... |
| 700 ## - ADDED ENTRY--PERSONAL NAME | |
| Personal name | Er. Rema K. P (Guide) |
| 856 ## - ELECTRONIC LOCATION AND ACCESS | |
| Uniform Resource Identifier | https://drive.google.com/open?id=1pbQ98JxhqkxB67JxrsH5UObkJuzRqZYJ |
| 942 ## - ADDED ENTRY ELEMENTS (KOHA) | |
| Koha item type | Theses |
| Collection code | Home library | Current library | Shelving location | Full call number | Accession Number | Koha item type | Public note |
|---|---|---|---|---|---|---|---|
| Reference | KAUAET | KAUAET | Reference | 631.75807 ABH/GR | T 178 | Theses | M.Tech Thesis |
